000
00299 a2200145 4500
001
169314
020
_a
040
_c
Magnum
100
_a
Souchard, Philippe-Emmanuel
240
1
0
_a
Respiracao
_l
por
245
1
0
_a
Respiracao
362
0
_a
1899
697
_a
CIENCIAS MEDICAS SAUDE
942
_c
BK
999
_c
169314
_d
169314